Estadísticas para Mapa Topológico de Europa Continental

Haz click aquí para intentar la prueba.

Estadísticas generales

  • Esta prueba ha sido intentada 1.393 veces
  • La puntuación promedio es 23 de 41

Respuestas en el mapa

Las respuestas están codificadas por una escala verde-roja en el mapa de la prueba según el % correcto abajo.
 

Estadísticas de respuestas

Respuesta% Correcto
España
70%
Andorra
69%
Francia
67%
Alemania
66%
Ciudad del Vaticano
66%
Italia
66%
Rusia
66%
Mónaco
64%
Portugal
63%
Dinamarca
62%
Países Bajos
62%
San Marino
62%
Bélgica
61%
Liechtenstein
59%
Luxemburgo
59%
Austria
58%
Suiza
58%
Ucrania
58%
Moldavia
57%
Rumania
55%
Estonia
54%
Grecia
54%
Letonia
52%
Polonia
52%
Bielorrusia
51%
Bosnia y Herzegovina
51%
Bulgaria
51%
Croacia
50%
Lituania
50%
Eslovaquia
48%
Eslovenia
48%
Serbia
48%
Hungría
47%
Albania
46%
República Checa
46%
Suecia
46%
Montenegro
44%
Macedonia del Norte
42%
Noruega
42%
Kosovo
41%
Finlandia
38%

Distribución de puntuación

Porcentaje por número respondido

Porcentaje de gente con cada puntuación

Historial de tus puntuaciones

No has intentado esta prueba.